[Event "EU-ch 15th"]
[Site "Yerevan"]
[Date "2014.03.07"]
[Round "5"]
[White "Laznicka, Viktor"]
[Black "Dvirnyy, Danyyil"]
[Result "1-0"]
[WhiteElo "2681"]
[BlackElo "2575"]
[Annotator "Ftacnik,L"]
[PlyCount "55"]
[EventDate "2014.03.03"]
[EventType "swiss"]
[EventRounds "11"]
[EventCountry "ARM"]
[SourceTitle "CBM 160"]
[Source "ChessBase"]
[SourceDate "2014.05.15"]
[SourceVersion "1"]
[SourceVersionDate "2014.05.15"]
[SourceQuality "1"]

1. d4 Nf6 2. c4 e6 3. Nf3 d5 4. Bg5 Be7 5. Nc3 O-O 6. e3 h6 7. Bh4 Ne4 8. Bxe7
Qxe7 9. Rc1 c6 10. h4 {In a well known classical position the big theme has
become the attack of the pawns on the kingside. The justification for White's
courageous plan is Black's situation with his underdeveloped pieces.} (10. g4
f5 (10... Nd7 $142) 11. gxf5 exf5 (11... Qf6 12. Bg2 Qxf5 13. O-O Nxc3 14. Rxc3
Nd7 15. Qc2 Nf6 $6 (15... Qh5 $142 16. Nd2 $36) 16. Ne5 Qxc2 17. Rxc2 Bd7 18.
Bh3 Rfe8 19. cxd5 cxd5 20. Rc7 Bb5 21. Rfc1 $18 {Halkias,S (2578)-Fridman,D 
(2645)/EU-ch blitz Warsaw/2010/}) 12. cxd5 Nxc3 13. Rxc3 cxd5 14. Ne5 Qd6 15.
Bg2 Nd7 16. Qb3 Nf6 17. O-O Rb8 18. Qa3 Qxa3 19. Rxa3 a6 20. Rc1 $14 {1-0 (47)
Margvelashvili,G (2550)-Cornejo,M (2383) Dallas 2014}) 10... Nd7 (10... b6 11.
Ne5 (11. Nxe4 dxe4 12. Ne5 c5 $132) 11... Nxc3 12. Rxc3 c5 $5 13. dxc5 Rd8 $32
{~~ deserves attention.}) (10... Nf6 11. Ne5 Nbd7 12. g4 $1 Nxe5 13. dxe5 Nd7
14. f4 $36) (10... Rd8 11. g4 c5 12. g5 Nc6 (12... h5 13. Ne5 g6 14. Bg2 Nxc3
15. bxc3 Nc6 16. Nxc6 bxc6 17. Qa4 cxd4 18. cxd4 Bd7 19. O-O a5 20. Qc2 {
1/2 (20) Demuth,A (2423)-Colovic,A (2433) Belfort 2012}) 13. gxh6 Qf6 14. hxg7
cxd4 15. Nxe4 dxe4 16. Nxd4 Qh6 17. Rg1 Nxd4 18. exd4 e3 19. Bd3 f5 20. d5 exd5
21. Qf3 $14 {1-0 (44) Ernst,S (2606)-Harikrishna,P (2665) Wijk aan Zee 2012})
11. g4 e5 {Despite the fact that the grandmaster games with the given idea are
predominantly from the last three years, the main concept of the defender's
counterplay has not changed for ages. The old maxim insists that a flank
attack by the opponent is most often best met with activity in the centre.} (
11... Nxc3 12. Rxc3 (12. bxc3 e5 (12... g6 13. Ne5 Nxe5 14. dxe5 dxc4 15. f4 b5
16. Qf3 Bb7 17. Bg2 Rab8 18. h5 c5 19. Qg3 g5 20. O-O Rbd8 21. fxg5 Bxg2 22.
Qxg2 Qxg5 23. Qe4 Rd5 {0-1 (23) Omar,N (2362)-Korneev,O (2621) Baku 2013}) 13.
g5 e4 14. Nd2 hxg5 15. Qh5 g4 16. Qxg4 Qa3 17. Rd1 Nf6 18. Qf4 Qxc3 19. h5 Nh7
20. h6 f6 21. Qc7 $14 {1-0 (41) Gareev,T (2613)-Akobian,V (2613) Los Angeles
2011}) 12... g6 (12... c5 $5 13. cxd5 exd5 14. g5 h5 15. dxc5 (15. Bg2 c4 16.
Nd2 Nb6 17. Qxh5 Bf5 18. Qf3 Bd3 19. Bf1 Na4 20. Bxd3 Nxc3 21. Bf5 Ne4 22. Nxe4
dxe4 23. Bxe4 $14 {1/2 (41) Chirila,I (2521)-Papp,G (2552) Baia Sprie 2012})
15... Nxc5 16. Qxd5 b6 $5 (16... Ne4 17. Rc4 Nd6 18. Rd4 $14) (16... Bg4 $5 {/\
} 17. Bg2 Ne4 18. Rc4 Ng3 $1 $36) (16... Na4 $132) 17. Qxa8 Bg4 18. Qc6 Rc8 19.
Qxc8+ Bxc8 $44) (12... dxc4 13. Bxc4 b5 14. Be2 Bb7 15. g5 h5 16. O-O g6 17.
Nd2 b4 18. Rc4 Rac8 19. Qa4 c5 20. dxc5 Nxc5 21. Qxa7 $11 {1-0 (28) Gareev,T 
(2658)-Moradiabadi,E (2570) Los Angeles 2012}) 13. g5 h5 14. Be2 e5 15. cxd5 e4
16. Ng1 cxd5 17. Nh3 Rd8 18. Nf4 Nf8 19. Qb3 Qd6 20. Rc5 Be6 $11 {0-1 (78)
Werle,J (2517)-L'Ami,E (2642) Netherlands 2013}) (11... Ndf6 12. Rg1 $5 (12. g5
Ng4 13. Rc2 $13 (13. Nxe4 dxe4 14. Nd2 e5 $132)) 12... Nxc3 13. bxc3 $1 {/\g5|^
}) (11... f5 12. gxf5 exf5 (12... Rxf5 13. Bd3 Ndf6 14. Bxe4 dxe4 15. Ne5 c5
16. Rg1 Bd7 17. Ne2 cxd4 18. Qxd4 Be8 19. Rd1 Qc7 20. Ng4 Nxg4 21. Rxg4 Bh5 $15
{1/2 (79) Gajewski,G (2653)-Svetushkin,D (2588) Legnica 2013}) 13. cxd5 Nxc3
14. Rxc3 cxd5 15. Qb3 Qe4 16. Be2 Nf6 17. Rg1 f4 18. Rc7 Ne8 19. Nd2 $16 {
Sambuev,B (2528)-Martchenko,A (2227)/Montreal/2011/}) (11... Nd6 $5 12. c5 Ne8
13. g5 e5 14. gxh6 gxh6 15. Rg1+ Ng7 $13 16. Bh3 f5 17. dxe5 Nxe5 18. Nxe5 $11
{1/2,Ragger,M (2651)-Alekseev,E (2659)/WCup Khanty-Mansiysk/2011/}) 12. cxd5
Nxc3 13. Rxc3 cxd5 {It is slightly remarkable, that the witty move of the
black knight to f6 had not yet been tested in practice.} (13... Nf6 $5 14. d6
Qxd6 15. Nxe5 Ne4 16. Rb3 Re8 17. Bd3 Nc5 18. dxc5 Qxe5 19. g5 Qxc5 $11) 14. g5
e4 (14... h5 15. Bb5 exd4 (15... e4 16. Nd2 $5 g6 17. Rc7 $14) 16. Qxd4 Qe4 (
16... Nb6 17. O-O Bf5 (17... Qe4 18. Qxe4 dxe4 19. Nd4 $14) 18. Rfc1) 17. Qxe4
dxe4 18. Nd2 Ne5 19. Nxe4 Be6 (19... Nf3+ 20. Kf1 Bg4 21. Be2 Rfd8 22. Rc2 Rac8
23. Rxc8 Rxc8 24. Nc3 $14) 20. f4 $1 Bd5 (20... Ng4 21. Nc5 Bxa2 22. Ke2 $36 {
/\Ra1}) 21. fxe5 Bxe4 22. O-O $14 {1-0 (35) Aronian,L (2805)-Harikrishna,P 
(2669) Ningbo 2011}) 15. Nd2 (15. Ne5 Nxe5 16. dxe5 Qxe5 17. Rg1 Kh8 18. Qh5 f6
19. Qe2 Bd7 20. gxh6 gxh6 21. Qc2 Rac8 22. f4 exf3 23. Qg6 f2+ 24. Kxf2 Qf5+
25. Ke1 Qxg6 26. Rxg6 Rxc3 27. bxc3 Bf5 $15 {1/2 (47) Chirila,I (2521)
-Dimitrov,A (2339) Golden Sands 2012}) 15... hxg5 (15... g6 16. Rg1 h5 17. Be2
Nb6 18. Nf1 Be6 19. Bxh5 Qb4 20. Bg4 Qxb2 $15 {1-0 (75) Benjamin,J (2534)
-Akobian,V (2616) Saint Louis 2013}) 16. Qh5 $1 $146 {[%mdl 32] Laznicka has
obviously done some work in his home preparation. His novelty seems to be
quite unpleasant for the second player.} (16. hxg5 $143 $2 Qxg5 17. Rh5 Qg1 $1
18. Rh3 Nf6 19. Rg3 Qh1 20. Nb3 b6 21. Kd2 Bg4 $17 {Wang Hao (2718)-Kravtsiv,M
(2571)/Shenzhen/2011/}) 16... g4 17. Qxg4 (17. Qxd5 Re8 18. Qg5 Nb6 19. Bb5 Bd7
20. Bxd7 Qxd7 21. h5 $14) 17... Rd8 (17... Nb6 18. Qg3 Bd7 19. Rg1 f6 20. Nb3
Rfc8 21. a3 Na4 22. Rc7 $11) 18. Rg1 Qf6 (18... f6 $2 19. Rc7 $18) 19. Qg3 Nf8
20. f3 {White badly needs to complement his major pieces with their
lightweight counterparts. The opening of the centre will offer the white
knight the chance to dance around towards a very attractive spot.} exf3 (20...
Bf5 21. fxe4 dxe4 22. h5 Rac8 23. Bc4 $16) 21. Nxf3 Bf5 22. Bh3 Bxh3 (22... Ne6
23. h5 Rdc8 24. h6 Rxc3 25. bxc3 Rc8 26. Kd2 $14) 23. Qxh3 Qh6 24. Ne5 Rac8 $4
{Dvirnyy was obviously not feeling comfortable, but it does not mean that he
was obliged to try extreme measures. Analysis has proven that the defender's
position was quite defendable with the help of the immediate advance of the
pawn to f6.} (24... f6 $1 25. Ng4 Qg6 26. Kf2 Qf5+ 27. Ke2 Kh8 28. h5 Qe6 29.
Qg3 $14) (24... Re8 $2 25. Qf3 $1 Qxh4+ 26. Kd1 Re7 27. Ng4 Nh7 28. Rh1 Qg5 29.
Rc2 Qg6 30. Ne5 $18) 25. Rxc8 Rxc8 26. Qxc8 Qxe3+ 27. Kf1 f6 {We are left
guessing, what was the move that Black had actually missed in his calculations.
Black never really had realistic chances for a perpetual check, so with the
sacrifice of the rook he seems to be running on empty.} (27... Qf4+ 28. Kg2
Qd2+ 29. Kg3 Qxd4 30. Re1 (30. Nf3 $18) 30... Qxb2 31. Qc7 $18) 28. Qg4 (28.
Qg4 Qc1+ 29. Kg2 Qh6 30. Nd7 $18) 1-0

[Event "NED-ch45"]
[Site "Hilversum"]
[Date "1990.06.22"]
[Round "10"]
[White "Piket, Jeroen"]
[Black "Pliester, Leon"]
[Result "1-0"]
[WhiteElo "2495"]
[BlackElo "2390"]
[Annotator "Ftacnik,L"]
[PlyCount "77"]
[EventDate "1990.06.11"]
[EventType "tourn"]
[EventRounds "11"]
[EventCountry "NED"]
[EventCategory "9"]
[SourceTitle "CBM 019"]
[Source "ChessBase"]
[SourceDate "1990.12.01"]
[SourceVersion "1"]
[SourceVersionDate "1990.12.01"]
[SourceQuality "1"]

1. d4 e6 2. c4 Nf6 3. Nf3 d5 4. Nc3 Be7 5. Bg5 O-O 6. e3 h6 7. Bh4 Ne4 8. Bxe7
Qxe7 9. Rc1 c6 10. Bd3 Nxc3 11. Rxc3 Nd7 12. O-O dxc4 13. Bxc4 e5 14. Bb3 exd4
$6 (14... Re8 15. d5 cxd5 16. Qxd5 Nf6 17. Qc5 Ne4 18. Qxe7 Rxe7 19. Rc2 Ng5
20. Nxg5 hxg5 21. Rd1 Bf5 22. Rc3 Kf8 $10 {Nikolic,Pr-Yusupov,A/Belgrade/1989/
->CBM 16}) 15. exd4 Nf6 (15... Nb6 16. Re1 Qd6 17. Ne5 Bf5 (17... Be6 $5) 18.
Rf3 Be6 (18... Bg6 19. Nxg6 Qxg6 20. Re7 $16) 19. Bxe6 fxe6 (19... Qxe6 20.
Nxf7 Qxa2 21. Re7 $1) 20. Rg3 $16) 16. Re1 Qd6 17. Ne5 Bf5 $6 (17... Nd5 18.
Rg3 Bf5 19. Qh5 $1 Bh7 20. Qg4 g5 21. h4 $16 {Karpov,An-Yusupov,A/London cs (8)
/1989/ ->CBM 15}) 18. Nxf7 $1 Rxf7 19. Bxf7+ Kxf7 20. Qb3+ Kf8 21. Qxb7 Rb8 22.
Qxa7 Rxb2 23. Rxc6 $1 Rxa2 (23... Qxc6 24. Qa3+ Kg8 25. Qxb2 $18) 24. Qb7 $6 (
24. Qb6 $1 Qe7 (24... Qd5 25. Rxf6+ gxf6 26. Qxf6+ Qf7 27. Qh8+ Qg8 28. Re8+
$18) 25. Rxf6+ $1 gxf6 (25... Qxf6 26. Qb8+ Kf7 27. Qe8#) 26. Qb8+ Kf7 27.
Rxe7+ $18) 24... Rb2 25. Qxg7+ Kxg7 26. Rxd6 Ne4 27. Ra6 Nc3 (27... Nxf2 28.
Re7+ (28. Rf1 Bd3) 28... Kf8 29. Rc7 $18) 28. h3 Ne2+ 29. Kh2 h5 30. d5 Rd2 31.
d6 Kf6 32. d7+ Ke7 33. Ra5 Be6 34. Re5 Nd4 35. d8=Q+ Kxd8 36. Rxe6 Nxe6 37.
Rxe6 Rxf2 38. Kg3 (38. Re5 $18) 38... Rf5 39. Kh4 {Ftacnik,L} 1-0

[Event "Hoogovens"]
[Site "Wijk aan Zee"]
[Date "1990.01.??"]
[Round "5"]
[White "Piket, Jeroen"]
[Black "Andersson, Ulf"]
[Result "1/2-1/2"]
[WhiteElo "2495"]
[BlackElo "2630"]
[Annotator "Ftacnik,L"]
[PlyCount "80"]
[EventDate "1990.01.??"]
[EventType "tourn"]
[EventRounds "13"]
[EventCountry "NED"]
[EventCategory "13"]
[SourceTitle "CBM 017"]
[Source "ChessBase"]
[SourceDate "1990.08.01"]
[SourceVersion "1"]
[SourceVersionDate "1990.08.01"]
[SourceQuality "1"]

1. d4 Nf6 2. Nf3 e6 3. c4 d5 4. Nc3 Nbd7 5. Bg5 h6 6. Bh4 Be7 7. e3 Ne4 8. Bxe7
Qxe7 9. Rc1 Nxc3 10. Rxc3 c6 11. Bd3 O-O 12. O-O dxc4 13. Bxc4 b6 14. Qe2 a6 {N
} (14... c5 15. Bb5 a6 16. Bxd7 Bxd7 $13) (14... a5 $5 {Polugajevsky}) 15. Bd3
c5 16. Be4 Ra7 17. Rfc1 a5 18. Bc6 (18. Bd3 Bb7 19. Bb5 Bxf3 20. Qxf3 cxd4 21.
Rc7 $2 Ne5 $1) 18... cxd4 19. Nxd4 Nc5 20. Nb3 (20. Nb5 Ba6) 20... Ba6 21. Bb5
(21. Qf3 Nd3) 21... Nxb3 22. Rxb3 Bxb5 23. Qxb5 Rc7 $1 24. Rxc7 Qxc7 25. Rc3
Qd6 26. Rd3 Qb8 27. h3 Rc8 $10 28. Rd1 Rc2 29. a3 Qc7 30. Qe8+ Kh7 31. Qb5 Qc5
32. Qd3+ g6 33. b4 Qc4 34. Qxc4 Rxc4 35. b5 Rc5 36. a4 Rc4 37. Rd6 Rxa4 38.
Rxb6 Rb4 39. Rb7 Kg7 40. b6 a4 {Ftacnik,L} 1/2-1/2

[Event "FIDE-Wch k.o."]
[Site "Moscow"]
[Date "2001.12.05"]
[Round "4.5"]
[White "Gelfand, Boris"]
[Black "Azmaiparashvili, Zurab"]
[Result "1-0"]
[WhiteElo "2701"]
[BlackElo "2674"]
[Annotator "Ftacnik,L"]
[PlyCount "111"]
[EventDate "2001.11.27"]
[EventType "k.o."]
[EventRounds "7"]
[EventCountry "RUS"]
[SourceTitle "CBM 086"]
[Source "ChessBase"]
[SourceDate "2002.02.05"]
[SourceVersion "1"]
[SourceVersionDate "2002.02.05"]
[SourceQuality "1"]

1. d4 d5 2. c4 e6 3. Nc3 Nf6 4. Nf3 Be7 5. Bg5 h6 6. Bh4 O-O 7. e3 Ne4 8. Bxe7
Qxe7 9. Rc1 c6 10. Bd3 Nxc3 11. Rxc3 dxc4 12. Bxc4 b6 13. Bd3 Bb7 14. Be4 (14.
O-O Rc8 15. Qc2 c5 16. dxc5 bxc5 17. Ne5 Nc6 18. Nxc6 Rxc6 19. Bh7+ Kh8 20. Be4
Rb6 21. Rxc5 Bxe4 22. Qxe4 Rab8 {1/2-1/2 Uhlmann,W-Donner,J/Skopje 1972/ (53)})
14... Na6 $5 15. Bxc6 Bxc6 16. Rxc6 Nb4 17. Rc4 b5 (17... Nxa2 $2 18. Qb3 b5
19. Rc5 $18) 18. Rc5 Rac8 19. Rxb5 $5 {Gelfand has to take some risk to avoid
complete equality.} (19. a3 Rxc5 20. dxc5 Rd8 21. Nd4 Qxc5 $1 22. axb4 Qxb4+
23. Qd2 Qxd2+ 24. Kxd2 e5 $11) 19... Rc1 $1 20. Qxc1 Nd3+ 21. Ke2 Nxc1+ 22.
Rxc1 Qd6 (22... Qd7 23. a4) 23. a4 Rb8 24. Rc4 (24. Rc6 Qxc6 25. Rxb8+ Kh7 26.
b3 Qc2+ 27. Nd2 Qc7 $14) 24... Rxb5 25. axb5 Qb8 26. Rc5 a6 $1 27. Kd3 (27.
bxa6 Qxb2+ 28. Nd2 Qb6 29. Rc8+ Kh7 30. Ra8 Qc6 31. Ra7 Qb6 32. Rxf7 Qxa6+ $11)
27... axb5 28. Kc3 Qb6 (28... b4+ 29. Kb3 g5 30. Rc4 $14) (28... Qa8 $5 29.
Rxb5 Qa1 30. Rb8+ Kh7 31. Rb7 f6 $13) 29. Kb4 Qa6 30. Rxb5 Qa1 (30... Kf8 31.
Ne5 Ke7 32. f3 $16) 31. Kc5 $1 Qf1 32. b4 Qxg2 33. Ne5 f6 {[%mdl 1024] The
position is surprisingly difficult for black, since white b pawn poses great
danger.} (33... Qxf2 34. Rb8+ (34. Nc4 Qxh2 35. Rb7 Qh5+ 36. Kb6 Qd5 $19) 34...
Kh7 35. Rb7 (35. b5 Qxe3 36. b6 Qa3+ 37. Kc6 Qc3+ $19) 35... f6 (35... Qxe3 36.
Rxf7 $16) 36. Nc4 Qxh2 37. b5 Qh5+ 38. Kb4 Qd5 39. Rc7 h5 40. b6 h4 (40... Qd8
41. Rc5 g5 (41... Qd7 42. Na5 $18) 42. b7 h4 43. Na5 h3 44. Nc6 Qb6+ 45. Rb5
$18) 41. b7 Qd8 42. Rc5 h3 43. Kb5 Kg6 44. Rc8 Qd7+ 45. Kb6 h2 46. Rh8 $18) 34.
Rb8+ Kh7 35. Nc6 Qxh2 36. b5 Qh5+ $2 {Black have felt, that his queen has to
come back as soon as possible. In fact eliminating opponent's pawn was more
important and 36...Qxf2! would have made draw.} (36... Qxf2 $1 37. b6 Qxe3 38.
b7 Qb3 39. Kd6 (39. Rh8+ $2 Kxh8 40. b8=Q+ Qxb8 41. Nxb8 h5 42. Nc6 h4 43. Nb4
h3 44. Nd3 h2 45. Nf2 Kg8 46. Kd6 Kf7 $19) 39... Kg6 40. Kc7 Qg3+ 41. Kd7 Qb3
42. Nd8 Qb5+ 43. Ke7 Qb4+ 44. Ke8 Qb5+ $11) 37. Kd6 Qd5+ 38. Kc7 e5 (38... Qh5
39. b6 Qf7+ 40. Kd6 e5 41. b7 $18) 39. b6 Qf7+ 40. Kd6 exd4 41. exd4 h5 (41...
Kg6 42. Ne7+ Kg5 43. Rd8 Qb3 44. Kc7 Qf7 45. Rd7 $18) 42. b7 h4 (42... Qb3 43.
d5 h4 44. Kc7 h3 45. Re8 h2 46. Re1 Qxd5 47. b8=Q h1=Q 48. Qb1+ $18) 43. Rh8+
$1 Kxh8 44. b8=Q+ Kh7 45. Qb1+ f5 (45... Kh6 46. Ne7 g6 47. Qe4 $18) (45... Kh8
46. Nd8 Qf8+ 47. Kd7 $18) 46. Qh1 g5 (46... Qf6+ 47. Kc5 g5 48. d5 $18) 47. d5
Qf6+ 48. Kc7 Qg7+ 49. Kd6 Qf6+ 50. Kd7 g4 (50... Qf7+ 51. Ne7 $18) 51. d6 f4 (
51... h3 52. Kc7 Qf7+ 53. d7 $18) 52. Qe4+ Kh6 (52... Kg7 53. Qe7+ Kg6 54. Ne5+
Kf5 55. Qxf6+ Kxf6 56. Nxg4+ $18) 53. Qe6 $1 {The triumph of white's strategy,
queens are exchanged in order to open way for the d passed pawn.} Qxe6+ (53...
Kg5 54. Qxf6+ Kxf6 55. Kc7 g3 56. d7 $18) 54. Kxe6 g3 55. fxg3 f3 (55... fxg3
56. d7 g2 57. d8=Q g1=Q 58. Qh8+ Kg5 59. Qg7+ $18) 56. Ne5 (56. Ne5 f2 57. Ng4+
Kg5 58. Nxf2 hxg3 59. Nh3+ Kg4 60. Ng1 $18) (56. d7 f2 57. d8=Q f1=Q 58. Qh8+
Kg5 (58... Kg6 59. Ne7+ Kg5 60. Qxh4#) 59. Qg7+ Kh5 60. g4#) 1-0

[Event "Baden-Baden"]
[Site "Baden-Baden"]
[Date "1992.12.05"]
[Round "1"]
[White "Psakhis, Lev"]
[Black "Jussupow, Artur"]
[Result "1/2-1/2"]
[WhiteElo "2570"]
[BlackElo "2640"]
[Annotator "Ftacnik,L"]
[PlyCount "100"]
[EventDate "1992.12.??"]
[EventType "tourn"]
[EventRounds "11"]
[EventCountry "GER"]
[EventCategory "14"]
[SourceTitle "CBM 033"]
[Source "ChessBase"]
[SourceDate "1993.04.01"]
[SourceVersion "1"]
[SourceVersionDate "1993.04.01"]
[SourceQuality "1"]

1. c4 e6 2. d4 d5 3. Nf3 Nf6 4. Nc3 Be7 5. Bg5 h6 6. Bh4 O-O 7. e3 Ne4 8. Bxe7
Qxe7 9. Qc2 Nxc3 10. Qxc3 dxc4 (10... c6 11. Bd3 dxc4 12. Bxc4 Nd7 13. O-O b6
14. Rfd1 Bb7 15. Rac1 $14) 11. Bxc4 b6 12. O-O Bb7 13. Be2 Rc8 14. b4 Nd7 15.
Rfc1 c5 16. dxc5 (16. bxc5 bxc5 17. Qa3 Kf8 $10) 16... bxc5 17. b5 a6 18. a4 c4
(18... axb5 $5) 19. bxa6 $5 Rxa6 $2 (19... Bxa6 20. Nd2 Nb6 21. e4 $14) 20. a5
$2 (20. Nd2 $1 Nb6 21. a5 Nd5 22. Qe5 f6 23. Qd4 e5 24. Qg4 $16) (20. Bxc4 Bxf3
(20... Rac6 $2 21. Qb2 $1) 21. gxf3 Rac6) 20... Rc5 $1 21. Nd2 (21. Qb4 Bxf3
22. Bxf3 Ne5 23. Be2 Nc6 $17) 21... Ne5 $4 (21... Qg5 22. Bf3 Bxf3 23. Nxf3 Qf6
24. Qxf6 Nxf6 25. Nd2 $10) 22. f4 $1 Ng6 (22... Nc6 23. Nb3 $1 cxb3 24. Qxc5 b2
$1 25. Qxe7 Nxe7 26. Bxa6 Bxa6 27. Rab1 bxc1=Q+ 28. Rxc1 Nd5 29. Kf2 $16) 23.
Bxc4 Nh4 24. Qb4 $1 Nxg2 (24... Bxg2 25. Bf1 Rac6 26. Rxc5 Rxc5 27. Rc1 $18)
25. Bf1 $1 Rxc1 $1 (25... Nxf4 26. Qxc5 Qh4 27. exf4 Qg4+ 28. Kf2 Qxf4+ 29. Ke1
$18) 26. Qxe7 Rxa1 27. Qxb7 R6xa5 28. Qxg2 $2 (28. Kxg2 R5a2 29. Qc8+ Kh7 30.
Bd3+ g6 31. Bc2 Rc1 32. Bxg6+ $18) 28... R5a2 29. Qe2 Rb2 30. Qd3 Rd1 31. Qd7
Rdxd2 32. Qe8+ Kh7 33. Qxf7 Rb6 $1 (33... Rd1 34. Qxe6 Rbb1 35. Qc4 Rxf1+ 36.
Qxf1 Rxf1+ 37. Kxf1 $18) 34. h4 $4 (34. f5 e5 (34... exf5 35. Qxf5+ Kh8 36. Bc4
$18) 35. Qe7 Rd1 36. Qxe5 Rbb1 37. Qf4 $18) 34... Rd1 $1 35. Kf2 Rb2+ 36. Be2
Rdd2 37. Qxe6 Rxe2+ 38. Kf3 Rf2+ 39. Ke4 Rb4+ 40. Kd3 Rfb2 41. h5 Rb8 42. e4
R2b3+ 43. Kc2 R3b7 44. e5 Rd8 $1 45. Qc6 (45. f5 $4 Rc7+) 45... Rbb8 46. Qe4+
Kh8 47. e6 Rbc8+ 48. Kb3 Rb8+ 49. Kc4 Rbc8+ 50. Kb5 Rb8+ 1/2-1/2

[Event "Belfort Masters 6th"]
[Site "Belfort"]
[Date "2003.12.18"]
[Round "4"]
[White "Gurevich, Mikhail"]
[Black "Hamdouchi, Hicham"]
[Result "1-0"]
[WhiteElo "2656"]
[BlackElo "2588"]
[Annotator "Gurevich,M"]
[PlyCount "69"]
[EventDate "2003.12.15"]
[EventType "tourn"]
[EventRounds "10"]
[EventCountry "FRA"]
[EventCategory "15"]
[SourceTitle "CBM 099"]
[Source "ChessBase"]
[SourceDate "2004.03.30"]
[SourceVersion "1"]
[SourceVersionDate "2004.03.30"]
[SourceQuality "1"]

1. d4 d5 2. c4 e6 3. Nc3 Be7 4. Nf3 Nf6 5. Bg5 h6 6. Bh4 O-O 7. e3 Ne4 8. Bxe7
Qxe7 9. Rc1 c6 10. Bd3 Nxc3 11. Rxc3 Nd7 (11... dxc4 12. Rxc4 Nd7 13. O-O e5
14. dxe5 Nxe5 15. Re4 Nxf3+ 16. Qxf3 Be6 17. Bc4 {1/2-1/2 Grivas,
E-Kacheishvili,G/Rethymnon GRE 2003/The Week in Chess 465 (17)}) 12. Qc2 (12.
O-O dxc4 13. Bxc4 e5 14. dxe5 Nxe5 15. Nxe5 Qxe5 16. Qb3 b5 17. Be2 Be6 18. Qc2
Bd5 19. f4 Qe7 20. Bf3 b4 21. Rd3 Bxf3 22. Rxf3 {1/2-1/2 Zvjaginsev,V-Onischuk,
A/Poikovsky 2003/CBM 95 (22)}) 12... dxc4 13. Bxc4 e5 14. O-O Re8 {TN} (14...
e4 15. Ne5 (15. Nd2 Nf6 16. Rb1 Bf5 17. b4 a6 18. a4 Rfd8 19. b5 axb5 20. axb5
$14 {1-0 Santos,C-Gueneau,C/Lisbon 2000/EXT 2001 (26)}) 15... Nxe5 16. Qxe4 Re8
17. dxe5 Qxe5 18. Qxe5 Rxe5 19. Rd1 Kf8 20. f3 Be6 21. Bxe6 Rxe6 22. e4 $14 {
1/2-1/2 Gyimesi,Z-Zupe,M/Mitte AUT 2003/The Week in Chess 437 (43)}) (14...
exd4 $5) 15. d5 $5 e4 (15... c5 16. Rd1 e4 17. d6 Qf6 18. Nd2 $36) (15... cxd5
16. Bxd5 Nf6 17. Rc7 $16) (15... Nb6 16. dxc6 bxc6 17. Bb3 Bb7 18. Rd1 Rad8 19.
Rxd8 Rxd8 20. Qe4 $14) 16. Nd4 c5 17. Nb5 {[/\18.Nc7;18.d6,19.Nc7]} Qe5 18. d6
Rf8 19. Rd1 $5 {[/\20.Rd5|^]} Nf6 (19... Nf6 {[#]}) 20. Bxf7+ $1 (20. Nc7 Bg4
21. Rd2 Rac8 22. Bxf7+ Rxf7 23. Rxc5 Rfxc7 24. dxc7 $16) 20... Rxf7 21. Rxc5
Qe8 (21... Qe6 22. Nc7 Rxc7 23. dxc7 Qxa2 24. h3 $16) 22. Nc7 Rxc7 23. dxc7 Kh7
(23... Be6 24. Re5 Rc8 25. Rd6 $18) (23... Bg4 $142 24. Qb3+ (24. Re5 $5 $16) (
24. Rd4 $16) 24... Kh7 25. Qxb7 Bxd1 26. Qxa8 Qxa8 27. c8=Q Qxc8 28. Rxc8 Be2
29. b4 $16) 24. Rd8 Qe6 (24... Qg6 25. f4 Ng4 (25... exf3 26. Rh8+ Kxh8 27.
Qxg6) 26. Qd2 Qb6 27. Qd4 $18) 25. Qc4 $18 Qe7 (25... Qxc4 26. Rxc4 Kg6 27. Rc5
Kf7 28. Re5 $18) 26. Qd4 Qf7 27. a3 Qg6 (27... Qa2 28. Rc1) 28. Qd6 Qg4 (28...
Bh3 29. Qg3 Qxg3 30. hxg3 Bc8 31. f3 $18) 29. h3 Qe2 30. Rxc8 $1 Rxc8 31. Qd8
Ng8 (31... Rxd8 32. cxd8=Q Qe1+ 33. Kh2 Qxf2 34. Rc7 Nh5 35. Qd6 $18) (31...
Ne8 32. Qxc8 Qd1+ 33. Kh2 Qd6+ 34. g3 Qxc5 35. Qxe8) (31... Ng4 32. hxg4 Qe1+
33. Kh2 Qxf2 34. Rf5 $18) 32. Rf5 $1 (32. Qxc8 Qd1+ 33. Kh2 Qd6+ 34. g3 Qxc5
35. Qxb7 Qc2 36. Kg2 Ne7 $16) 32... Ne7 33. Qxe7 Qxb2 34. Rf7 Kg8 35. g3 1-0

[Event "WchT 4th"]
[Site "Luzern"]
[Date "1997.10.27"]
[Round "3.4"]
[White "Zvjaginsev, Vadim"]
[Black "Ekstroem, Roland"]
[Result "1-0"]
[WhiteElo "2635"]
[BlackElo "2475"]
[Annotator "Hecht,H"]
[PlyCount "137"]
[EventDate "1997.10.25"]
[EventType "team-tourn"]
[EventRounds "9"]
[EventCountry "SUI"]
[SourceTitle "CBM 062"]
[Source "ChessBase"]
[SourceDate "1998.01.31"]
[SourceVersion "1"]
[SourceVersionDate "1998.01.31"]
[SourceQuality "1"]
[WhiteTeam "Russia"]
[BlackTeam "Switzerland"]
[WhiteTeamCountry "RUS"]
[BlackTeamCountry "SUI"]

1. d4 d5 2. c4 e6 3. Nc3 Be7 4. Nf3 Nf6 5. Bg5 h6 6. Bh4 O-O 7. e3 Ne4 8. Bxe7
Qxe7 9. Rc1 c6 10. Bd3 Nxc3 11. Rxc3 dxc4 12. Bxc4 Nd7 13. O-O b6 14. Bd3 c5
15. Be4 Rb8 16. Qa4 Bb7 17. Bxb7 Rxb7 18. Rd1 b5 19. Qa5 c4 20. b3 Nb6 21. Rc2
cxb3 22. axb3 Nd5 23. Rc5 b4 24. Ra1 Nc3 25. Qa6 Ra8 26. Ne5 Rc7 27. Rxc7 Qxc7
28. h3 Nd5 29. Nc4 g6 30. Ra5 Kg7 31. Rc5 Qe7 32. Ne5 Rf8 33. g3 h5 34. Rb5 Qc7
35. Rb7 Qc1+ 36. Kg2 Qc2 37. Qd3 Qxd3 38. Nxd3 a5 39. Nc5 Re8 40. Ra7 e5 41. e4
Nc3 42. d5 a4 43. bxa4 Rb8 44. d6 b3 45. Nxb3 Rxb3 46. d7 Rb8 47. Rc7 Rd8 48.
Rxc3 Rxd7 49. a5 Ra7 50. Ra3 {[#] Die Konstellation "Turm hinter dem
Freibauern bei vielen Bauern auf der anderen Seite verbürgt einen klaren
Gewinn.} Ra6 51. Kf3 Kf6 52. Ke3 Ke6 53. Kd3 Kd6 54. Kc4 Kc6 55. h4 Kb7 56. Kd5
f6 57. f4 exf4 58. gxf4 Kc7 59. Ra1 Rd6+ 60. Kc5 Rc6+ 61. Kb5 Rc2 62. a6 Kb8 {
Der König hat sich glücklich vor den Freibauern begeben können, doch dafür ist
nun der andere Flügel schutzlos} 63. Rg1 Rb2+ (63... Re2 64. Rxg6 Rxe4 65. Rxf6
Re1 66. Rf8+ Ka7 67. Rf7+ Ka8 68. f5 Rh1 69. f6 Rxh4 70. Re7 Rf4 71. f7 $18)
64. Kc5 Rc2+ 65. Kd5 Rf2 66. e5 Rxf4 67. e6 Kc7 68. Rc1+ Kb6 69. e7 1-0